KOHA-Header-6

Engineering Drawing plane and Solid Geometry (Record no. 1877)

000 -LEADER
fixed length control field 00329nam a2200133Ia 4500
008 - FIXED-LENGTH DATA ELEMENTS--GENERAL INFORMATION
fixed length control field 190723s9999 xx 000 0 und d
020 ## - INTERNATIONAL STANDARD BOOK NUMBER
International Standard Book Number 978-93-80358-96-3
100 ## - MAIN ENTRY--PERSONAL NAME
Personal name N.D Bhatt
245 #0 - TITLE STATEMENT
Title Engineering Drawing plane and Solid Geometry
250 ## - EDITION STATEMENT
Edition statement 53th
260 ## - PUBLICATION, DISTRIBUTION, ETC. (IMPRINT)
Place of publication, distribution, etc India
Name of publisher, distributor, etc Charatar
Date of publication, distribution, etc 2016
300 ## - PHYSICAL DESCRIPTION
Extent 719.:p
942 ## - ADDED ENTRY ELEMENTS (KOHA)
Koha item type Books
Holdings
Withdrawn status Lost status Damaged status Not for loan Collection code Permanent Location Current Location Shelving location Date acquired Total Checkouts Total Renewals Full call number Barcode Date last seen Date checked out Price effective from Koha item type
      Not For Loan Electrical Engineering MAJU MAJU   2019-07-23 2 1 744.42 8500 2019-09-15 2019-09-13 2019-07-23 Electrical Engineering

Powered by Koha